សំណួរ-ចំលើយ សិក្សាសង្គម : (Record no. 6666)
[ view plain ]
| 000 -LEADER | |
|---|---|
| fixed length control field | 01642nam a22002297a 4500 |
| 001 - CONTROL NUMBER | |
| control field | 6666 |
| 003 - CONTROL NUMBER IDENTIFIER | |
| control field | FISKH |
| 005 - DATE AND TIME OF LATEST TRANSACTION | |
| control field | 20250519153952.0 |
| 008 - FIXED-LENGTH DATA ELEMENTS--GENERAL INFORMATION | |
| fixed length control field | 250519b cb ||||| |||| 00| 0 eng d |
| 040 ## - CATALOGING SOURCE | |
| Original cataloging agency | FISKH |
| Language of cataloging | khr |
| Transcribing agency | FISKH |
| Modifying agency | FISKH |
| 082 ## - DEWEY DECIMAL CLASSIFICATION NUMBER | |
| Classification number | 300 |
| 100 ## - MAIN ENTRY--PERSONAL NAME | |
| Personal name | Simet, Chea |
| 245 ## - TITLE STATEMENT | |
| Title | សំណួរ-ចំលើយ សិក្សាសង្គម : |
| Remainder of title | សីលធម៏ +ពលរដ្ឋវិជ្ជា គេហវិជ្ជា ថ្នាក់ទី ១០ / |
| Statement of responsibility, etc. | ជា សុីម៉េត |
| 260 ## - PUBLICATION, DISTRIBUTION, ETC. | |
| Place of publication, distribution, etc. | ភ្នំពេញ : |
| Name of publisher, distributor, etc. | សា អុីម , |
| Date of publication, distribution, etc. | ២០១១ . |
| 300 ## - PHYSICAL DESCRIPTION | |
| Extent | 166 pages : |
| Other physical details | illustrations ; |
| Dimensions | 15 cm . |
| 520 ## - SUMMARY, ETC. | |
| Summary, etc. | សៀវភៅនេះជាឧបករណ៍ដ៏មានតំលៃសម្រាប់ការសិក្សានិងការយល់ដឹងអំពីសង្គម និងបរិស្ថាន។ វាជាវិធីសាស្ត្រដ៏មានប្រសិទ្ធិភាពក្នុងការបង្រៀន និងបណ្តុះបណ្តាលសិស្សឲ្យមានចុះចូលរួមយ៉ាងច្បាស់លាស់ក្នុងសហគមន៍ និងជាអ្នកមានសីលធម៌ល្អ។ |
| 520 ## - SUMMARY, ETC. | |
| Summary, etc. | This book is a valuable resource for studying and understanding society and the environment. It is an effective method for teaching and training students to actively participate in the community and to be good moral citizens. |
| 650 ## - SUBJECT ADDED ENTRY--TOPICAL TERM | |
| Topical term or geographic name entry element | សិក្សាសង្គម |
| 650 ## - SUBJECT ADDED ENTRY--TOPICAL TERM | |
| Topical term or geographic name entry element | Social Studies |
| 942 ## - ADDED ENTRY ELEMENTS (KOHA) | |
| Source of classification or shelving scheme | Dewey Decimal Classification |
| Koha item type | Khmer Books |
| Suppress in OPAC | No |
| Withdrawn status | Lost status | Source of classification or shelving scheme | Damaged status | Not for loan | Collection | Home library | Current library | Shelving location | Date acquired | Total Checkouts | Full call number | Barcode | Date last seen | Price effective from | Koha item type |
|---|---|---|---|---|---|---|---|---|---|---|---|---|---|---|---|
| Dewey Decimal Classification | Khmer Language Books / សៀវភៅភាសាខ្មែរ | Footprints International School Library Network Toul Tom Poung Campus | Footprints International School Library Network Toul Tom Poung Campus | TTP Secondary Khmer Bookshelves | 05/19/2025 | SIM 300 | FISSE02661 | 05/19/2025 | 05/19/2025 | Khmer Books |
